000 00555nam a22002297a 4500
003 UA-OsUOA
001 84758
007 ta
008 20120608b un ||||| |||| 00| 0 ukr d
100 _aПауш С.
090 _a821.161.2
_bП21
942 _cBK
040 _aUA-OsUOA
_bukr
_cUA-OsUOA
_dUA-OsUOA
245 _aНаучка
300 _a72 с.
955 _a3
041 _aukr
080 _a821.161.2
260 _aЕдмонтон
_c1967
650 7 _a82 Література. Літературознавство
_2UDC
999 _c371071
_d371071